Airlines that fly to LAX - Statistics

General Stats
  • This quiz has been taken 306 times
  • The average score is 42 of 67
Answer Stats
Answer % Correct
American Airlines
98%
United Airlines
98%
Delta Air Lines
97%
British Airways
92%
Emirates
91%
Qantas
91%
Air China
90%
Air France
90%
Air Canada
87%
Lufthansa
87%
Alaska Airlines
86%
AeroMexico
85%
Southwest Airlines
84%
Qatar Airways
83%
Japan Airlines
82%
China Southern Airlines
81%
KLM
81%
Air New Zealand
80%
JetBlue
80%
China Eastern Airlines
79%
Spirit Airlines
79%
Aer Lingus
77%
All Nippon Airways
77%
Etihad Airways
77%
Iberia
77%
Singapore Airlines
77%
Aeroflot
76%
Frontier Airlines
75%
Hawaiian Airlines
74%
Korean Air
74%
Avianca
69%
Scandinavian Airlines
69%
Virgin Atlantic
69%
WestJet
69%
Asiana Airlines
67%
Cathay Pacific
67%
Turkish Airlines
67%
Swiss International Airlines
66%
Alitalia
65%
China Airlines
65%
LOT Polish Airlines
63%
EVA Air
60%
Austrian Airlines
59%
Finnair
56%
Saudia
54%
Philippine Airlines
53%
El Al
52%
Virgin Australia
51%
Volaris
51%
Hainan Airlines
49%
Allegiant Air
47%
Air Tahiti Nui
46%
Norwegian Air Shuttle
46%
Sun Country Airlines
44%
Copa Airlines
43%
Fiji Airways
40%
XiamenAir
38%
VivaAerobus
30%
Interjet
25%
Sichuan Airlines
24%
LATAM Chile
23%
Hong Kong Airlines
22%
LATAM Peru
17%
Avianca Costa Rica
12%
Air Italy
11%
Avianca El Salvador
11%
Volaris Costa Rica
10%
No matching quizzes found
Score Distribution
Percent of People with Each Score
Percentile by Number Answered
Your Score History
You have not taken this quiz